Top 35 Countries in Men's 10000 Meters - Statistics

General Stats
  • This quiz has been taken 30 times
  • The average score is 27 of 35
Answer Stats
NR Continent Answer % Correct
26:17.53 Africa Ethiopia
97%
26:27.85 Africa Kenya
97%
26:46.57 Europe United Kingdom
97%
26:33.84 North America United States
97%
26:34.14 North America Canada
93%
27:22.78 Europe France
93%
27:09.80 Asia Japan
90%
27:15.35 Oceania Australia
86%
27:21.53 Europe Germany
86%
27:23.10 Africa South Africa
86%
27:14.44 Europe Spain
86%
27:10.76 Europe Italy
83%
27:30.90 Oceania New Zealand
83%
26:11.00 Africa Uganda
83%
27:28.12 South America Brazil
79%
26:38.08 Africa Morocco
79%
27:30.99 Europe Finland
76%
27:33.53 Europe Ireland
76%
27:24.78 Europe Norway
76%
27:12.47 Europe Portugal
76%
27:22.28 Africa Rwanda
76%
27:24.09 Asia Turkey
76%
27:08.23 North America Mexico
72%
27:26.29 Europe Netherlands
72%
27:06.17 Africa Tanzania
72%
27:20.38 Africa Burundi
69%
26:52.30 Europe Belgium
66%
27:33.99 Asia Israel
66%
26:38.76 Asia Qatar
66%
26:37.25 Africa Eritrea
62%
27:17.29 Europe Switzerland
62%
27:07.49 Asia Bahrain
55%
27:32.59 South America Ecuador
55%
27:31.61 Asia Saudi Arabia
55%
27:17.14 Asia Thailand
55%
No matching quizzes found
Score Distribution
Percent of People with Each Score
Percentile by Number Answered
Your Score History
You have not taken this quiz